000 004530000a22001810004500
001 856
003 CO-MdBIC
005 20220422175452.0
020 _a0-8024-3063-5
040 _bspa.
_cCO-MdBIC
082 0 4 _a22
_2818HC
_bH87gi
100 1 _aMoore, Judy Hull
245 1 0 _aGods Plan for Insects
_c/ Judy Hull Moore
260 _aChicago : Children Books
300 _a19 páginas;
_bilustrado:
_c18 cm.
650 1 4 _aLiteratura Infantil
942 _cLGB
999 _c48060
_d48060